000 00390nam a22001697a 4500
005 20160702100808.0
008 160702b xxu||||| |||| 00| 0 eng d
020 _a81-7992-315-0
041 _aeng
082 _b20870
100 _aPatil, S.P.
_93443
245 _aMechanical System Design
260 _bJaico
_c2012
300 _a394
650 _aDiploma Engineering
_9817
942 _cBK
999 _c5145
_d5143